000 00393nam a2200145Ia 4500
005 20240821155700.0
008 240821s9999||||xx |||||||||||||| ||und||
082 _a701.17 GUP
100 _aGupta, Shyamla
245 0 _aSaundarya tatwamimansa (HIN)
260 _aDelhi
_bSeema Sahitya Bhawan
_c1992
300 _a262p.
650 _aArts, Crafts, Music, Sports And Recreations
942 _cBK
999 _c126679
_d126679